000 00894nam a22003017a 4500
001 1320368
003 OSt
005 20210426113956.0
008 781130r1978 nyubf 000 1 eng
010 _a 78020204
020 _a0060113839 :
_c$10.00
040 _aDLC
_cDLC
_dDLC
050 0 0 _aPZ4.F817
_bTr 1978
_aPR6056.R27
080 _a821.111
_bF-85
082 0 0 _a823/.9/14
100 1 _aFrancis, Dick.
245 1 0 _aTrial run /
_cDick Francis.
250 _a1st U.S. ed.
260 _aNew York :
_bHarper & Row,
_cc1978.
300 _a246 p., [2] leaves of plates :
_bmap ;
_c21 cm.
365 _a8.95 USD
500 _a"A Joan Kahn book."
650 0 _aHorse racing
_xFiction.
653 _aინგლისური ლიტერატურა
655 7 _aDetective and mystery stories.
_2gsafd
906 _a7
_bcbc
_corignew
_d1
_eocip
_f19
_gy-gencatlg
942 _2udc
_cBK
999 _c1210
_d1210